000 00388pab a2200145 454500
008 180718b1990 xxu||||| |||| 00| 0 eng d
100 _aAnsari, Mohd. Swabh
245 _aA brief perspective on the functional impediments of local bodies
260 _c1990
300 _a51-5
362 _aMar.
650 _aLocal Government - India - U.P.
773 _aCivic Affairs
909 _a12924
999 _c12924
_d12924